000 00338nam a2200133Ia 4500
008 191201s2004 xx 000 0 und d
082 _a621.38
_bKAH
100 _aKAUFMAN
245 0 _aHandbook for Electronics Engineering Technician
260 _aN.Delhi
_bMcGraw Hill
_c2004
300 _aA 19
650 _aB.Tech(ECE)
942 _2ddc
_cBK
999 _c2476
_d2476